Lógica matemática: módulo 1
A través del presente módulo, se pretende colaborar al educador en el enfoque de la matemáticas en la enseñanza básica primaria, utilizando como material de trabajo los bloques lógicos, los cuales serán de gran utilidad.
Gespeichert in:
| Weitere Verfasser: | |
|---|---|
| Format: | Buch |
| Sprache: | Spanish |
| Veröffentlicht: |
Bogotá : Secretaría de Educación, 1979
|
| Schlagworte: | |
| Online Zugang: | Enlace del recurso |
| Tags: |
Tag hinzufügen
Keine Tags, Fügen Sie den ersten Tag hinzu!
|
MARC
| LEADER | 00000nam a2200000 a 4500 | ||
|---|---|---|---|
| 001 | 001404 | ||
| 008 | 041026s1979 ck a fr# o000|0#spa#d | ||
| 041 | 0 | |a spa | |
| 043 | |a s-ck--- | ||
| 082 | 0 | 4 | |a 372.7 |b L533l |
| 245 | 0 | 0 | |a Lógica matemática: |b módulo 1 |c Ana Rosa Bohorquez de Cabrera ... [et al.] |
| 260 | |a Bogotá : Secretaría de Educación, 1979 | ||
| 300 | |a 46 p. |c gráf. | ||
| 504 | |a Incluye bibliografía. | ||
| 520 | 3 | |a A través del presente módulo, se pretende colaborar al educador en el enfoque de la matemáticas en la enseñanza básica primaria, utilizando como material de trabajo los bloques lógicos, los cuales serán de gran utilidad. | |
| 650 | 1 | 4 | |a ENSEÑANZA DE LAS MATEMÁTICAS |z COLOMBIA |
| 650 | 1 | 4 | |a EDUCACIÓN PRIMARIA |
| 700 | 1 | |a Bohorquez de Cabrera, Ana Rosa | |
| 999 | |c 3556 |d 3556 | ||
| 856 | |u https://catalogo.idep.edu.co/cgi-bin/koha/opac-detail.pl?biblionumber=3556 |z Enlace del recurso | ||